000 01045nam a22002657a 4500
003 BD-DhSAU
005 20181206161959.0
008 160606b2014 bg ||||| |||| 001 0 eng d
040 _aBD-DhSAU
082 _222
_a630
_bIb7
100 _aIbrahim, Md.
_eRegistration # 13-05766
245 _aEffect of maize planting configuration and blackgram seed rate on fodder production under maize-blackgram intercropping system /
_bMS thesis
260 _aSher-e-Bangla Agricultural Uniersity :
_bDepartment of Agronomy
_c2014
300 _aviii, 75 p. :
_bill. ;
_c30 cm.
500 _aMS thesis of Department of Agronomy , Faculty of Agriculture, Sher-e-Bangla Agricultural University, Dhaka, Bangladesh
590 _aMd. Sirajul Islam
650 _aAgronomy
650 _aMaize
650 _aBlacgram
650 _aSeed
700 _aUllah, Md. Jafar
_eSupervisor
700 _aRoy, Tuhin Suvra
_eCo-Supervisor
856 _uhttp://archive.saulibrary.edu.bd:8080/xmlui/handle/123456789/672
_yOnline Access
942 _2ddc
_cTHESIS
999 _c13330
_d13329